| 000 | 00600cam a22001577a 4500 | ||
|---|---|---|---|
| 008 | 180718b2009 xxu||||| |||| 00| 0 eng d | ||
| 020 | _a9780198063506 | ||
| 082 | _aBA27x54 Am16/T39b | ||
| 100 | _aThorat, Sukhadeo, Kumar, Narender | ||
| 245 |
_aB.R. Ambedkar perspectives on social exclusion and inclusive policies _cby Sukhadeo Thorat and Narender Kumar |
||
| 260 |
_aNew Delhi _bOxford _c2009 |
||
| 300 | _a386p. | ||
| 650 | _aAffirmative action programs -- India | ||
| 650 | _aPeople with social disabilities -- Government policy -- India | ||
| 650 | _aAmbedkar, B. R. (Bhimrao Ramji), 1891-1956 | ||
| 999 |
_c445468 _d445468 |
||